[Event "CRO-chT3 West"]
[Site "Croatia"]
[Date "2020.10.11"]
[Round "5.4"]
[White "Glad, Ranko"]
[Black "Viduka, Marko"]
[Result "1/2-1/2"]
[WhiteElo "1765"]
[BlackElo "1542"]
[PlyCount "133"]
[EventDate "2020.09.12"]
[EventType "team-tourn"]
[EventRounds "9"]
[EventCountry "CRO"]
[SourceTitle "EXT 2022"]
[Source "ChessBase"]
[SourceDate "2021.10.06"]
[SourceVersion "1"]
[SourceVersionDate "2021.10.06"]
[SourceQuality "1"]
[WhiteTeam "Kraljevica"]
[BlackTeam "Crikvenica"]
[WhiteTeamCountry "CRO"]
[BlackTeamCountry "CRO"]

1. c4 Nf6 2. g3 e6 3. Bg2 d5 4. cxd5 exd5 5. d4 Bf5 6. Nf3 Bb4+ 7. Bd2 Bxd2+ 8. Nbxd2 0-0 9. 0-0 Re8 10. Ne5 Qc8 11. Re1 Bh3 12. Bh1 Nbd7 13. Ndf3 Ne4 14. Nxd7 Qxd7 15. Qb3 c6 16. Ne5 Qe7 17. Bxe4 dxe4 18. g4 Qh4 19. Qxf7+ Kh8 20. Qh5 Qxh5 21. gxh5 Re6 22. f4 Kg8 23. Kf2 Rh6 24. Rg1 Rxh5 25. Rg3 Be6 26. Rag1 g6 27. R1g2 Bxa2 28. Ke3 Bd5 29. Ng4 Kg7 30. Ne5 a5 31. Nd7 b5 32. Rg1 a4 33. Nb6 Rb8 34. Nd7 Ra8 35. Nb6 Ra6 36. Nc8 a3 37. bxa3 Rxa3+ 38. Kd2 Ra2+ 39. Kc3 Rxe2 40. Kb4 Rexh2 41. Nd6 Rb2+ 42. Kc5 b4 43. f5 g5 44. Ne8+ Kf7 45. Nd6+ Kf6 46. Ne8+ Kf7 47. Nd6+ Ke7 48. Nc8+ Kf6 49. Kd6 Rf2 50. Nb6 Rxf5 51. Nd7+ Kg7 52. Ra1 b3 53. Ra7 Rf7 54. Rb7 h6 55. Rb6 Rh2 56. Ne5 Ra7 57. Nxc6 Bxc6 58. Kxc6 Rc2+ 59. Kd5 b2 60. Kxe4 Ra1 61. Rgb3 Re2+ 62. Kd3 b1Q+ 63. Rxb1 Rxb1 64. Rxb1 Re7 65. d5 Rd7 66. Ke4 g4 67. Ke5 1/2-1/2

[Event "CRO-chT3 West"]
[Site "Croatia"]
[Date "2017.04.09"]
[Round "5.1"]
[White "Glad, Ranko"]
[Black "Zbasnik, Zeljko"]
[Result "1/2-1/2"]
[WhiteElo "1696"]
[BlackElo "1792"]
[PlyCount "72"]
[EventDate "2017.03.25"]
[EventType "team-tourn"]
[EventRounds "9"]
[EventCountry "CRO"]
[SourceTitle "EXT 2019"]
[Source "ChessBase"]
[SourceDate "2018.10.10"]
[SourceVersion "1"]
[SourceVersionDate "2018.10.10"]
[SourceQuality "1"]

1. c4 b6 2. d4 e6 3. Nc3 Bb7 4. Nf3 Nf6 5. Bg5 Be7 6. e3 h6 7. Bh4 Ne4 8. Bxe7 Qxe7 9. Nxe4 Bxe4 10. a3 0-0 11. Bd3 Bxd3 12. Qxd3 d5 13. Rc1 Rc8 14. 0-0 Nd7 15. b4 a5 16. b5 c5 17. a4 g6 18. Nd2 Rab8 19. f4 cxd4 20. exd4 Qb4 21. cxd5 exd5 22. Rc6 Kg7 23. Rfc1 Rxc6 24. bxc6 Nf6 25. c7 Rc8 26. f5 g5 27. Nf3 Qd6 28. Qc2 Ne8 29. f6+ Qxf6 30. Qc6 Rxc7 31. Qxf6+ Kxf6 32. Rb1 Rc4 33. Rxb6+ Kg7 34. Rb5 Rxa4 35. Rxd5 Ra1+ 36. Kf2 a4 1/2-1/2

[Event "Rijeka Paris Memorial 36th"]
[Site "Rijeka"]
[Date "2015.07.03"]
[Round "1"]
[White "Glad, Ranko"]
[Black "Rajter, Emil"]
[Result "1-0"]
[WhiteElo "1837"]
[BlackElo "1897"]
[PlyCount "91"]
[EventDate "2015.07.03"]
[EventType "swiss"]
[EventRounds "9"]
[EventCountry "CRO"]
[SourceTitle "CBM 167 Extra"]
[Source "ChessBase"]
[SourceDate "2015.09.14"]
[SourceVersion "1"]
[SourceVersionDate "2015.09.14"]
[SourceQuality "1"]

1. Nf3 Nf6 2. d4 e6 3. Bg5 Be7 4. e3 b6 5. Be2 Bb7 6. 0-0 0-0 7. Nbd2 c5 8. c3 d6 9. h3 Nbd7 10. Re1 h6 11. Bh4 Rc8 12. Rc1 Re8 13. Bd3 e5 14. dxe5 Nxe5 15. Nxe5 dxe5 16. Bb5 Nd7 17. Qg4 Bxh4 18. Bxd7 f5 19. Qc4+ Kh8 20. Bxc8 Qxd2 21. Bxb7 Bxf2+ 22. Kf1 Bxe1 23. Rxe1 f4 24. Qe2 Qd7 25. Ba6 Rf8 26. Kg1 f3 27. gxf3 Qxh3 28. Rf1 Rf5 29. Qh2 Rg5+ 30. Kh1 Qf5 31. e4 Qf7 32. Bc8 Qxa2 33. Rg1 Rxg1+ 34. Qxg1 Qxb2 35. Qe3 Qb1+ 36. Kg2 Qb5 37. f4 exf4 38. Qxf4 Qe2+ 39. Kg3 Qe1+ 40. Kg4 Qxc3 41. e5 Kg8 42. Be6+ Kh7 43. Qf5+ Kh8 44. Qf8+ Kh7 45. Qg8+ Kg6 46. Bf5# 1-0